01160nam a22001337a 4500008004100000020001800041082001800059100002600077245008300103260004800186300003800234505059900272650015500871181201b xxu||||| |||| 00| 0 eng d a9789968899291 a707.1bAR786a aRoca, José et all.  aArte crítico y crisis del arte: situaciones artísticas Latinoamericanas II aSan José, Costa Rica bTEOR/éTicac2008 a151 p. bill (col) c29.7 x 21 cm tPresentaciónrPérez-Ratton, VirginiatNacionalismo crítico: símbolos de nación en el arte contemporáneo colombianorRoca, JosétCrónica del arte en tiempos de regeneración urbana: el caso GuayaquilrKronfle Chambers, RodolfotBreves provocaciones estratégicasrHernández, OrlandotLa mala educación de los museosrBlondet, José LuistEl conflictivo mundo de los reclamos éticos. A propósito de un texto de Cuauhtémoc MedinarÁlvarez, LupetArte crítico y crisis del arte: una memoria apócrifarDíaz Bringas, TamaratEnglish TextstParticipantestPrograma 2Arte contemporáneovArte - crítica e interpretación xArte - crítica e interpretación xArte - seminario internacionalzArte latinoamericano